| 000 | 01060nam a22003257a 4500 | ||
|---|---|---|---|
| 003 | CHAP | ||
| 005 | 20220329133909.0 | ||
| 008 | 971013s1962 r 00010 d | ||
| 010 | _a12407 | ||
| 011 | _a13379 | ||
| 035 | _a17450 | ||
| 040 | _cCHAP | ||
| 090 | _aTesis | ||
| 100 | 0 | 0 |
_aCarrillo Liz, Mario. _919507 |
| 245 | _aAspectos técnicos-agronómicos de la operación del seguro agrícola integral | ||
| 260 |
_aChapingo, Méx. : _bEl autor, _c1962 |
||
| 300 | _a105 h. | ||
| 502 | _aTesis (Ing. Agr. Esp. en Fitotecnia) -- ENA. Departamento de Fitotecnia | ||
| 590 |
_aALEPH _b10 _c20130110 _lUCH01 _h1231 |
||
| 590 |
_aBATCH-UPD _b10 _c20130109 _lUCH01 _h2356 |
||
| 590 |
_aBATCH-UPD _b10 _c20130110 _lUCH01 _h1622 |
||
| 590 |
_aBATCH-UPD _b10 _c20130410 _lUCH01 _h1016 |
||
| 590 |
_aBATCH-UPD _b10 _c20130914 _lUCH01 _h0852 |
||
| 590 |
_aCONVERSION _b10 _c20130109 _lUCH01 _h1308 |
||
| 650 | 1 | 4 |
_aSeguro agrícola. _9103691 |
| 901 | _aBK | ||
| 942 | _cFOLL | ||
| 949 |
_bBC _cTES _d-41179 _eTS1 _i17450 _si |
||
| 949 |
_bBC _cTES _d-41181 _eTS2 _fc.2 _i17450 _si |
||
| 999 |
_c12407 _d12407 |
||